| 000 -ლიდერი |
| ფიქსირებული სიგრძის საკონტროლო ველი |
01289nam a2200241Ia 4500 |
| 001 - საკონტროლო ნომერი |
| საკონტროლო ველი |
7987 |
| 003 - საკონტროლო ნომრის იდენტიფიკატორი |
| საკონტროლო ველი |
GE_BSU |
| 005 - ბოლო ოპერაციის თარიღი და დრო |
| საკონტროლო ველი |
20221004144700.0 |
| 008 - ფიქსირებული სიგრძის მონაცემთა ელემენტები - ზოგადი ინფორმაცია |
| ფიქსირებული სიგრძის საკონტროლო ველი |
181216s2013ge xx |||||||||||||| ||geo|| |
| 020 ## - წიგნის საერთაშორისო სტანდარტული ნომერი |
| International Standard Book Number |
9789941221514 |
| 040 ## - კატალოგიზაციის წყარო |
| Transcribing agency |
GE_BSU |
| 041 ## - ენის კოდი |
| Language code of text/sound track or separate title |
geo |
| 080 ## - უნივერსალური ათობითი კლასიფიკაციის ინდექსი |
| Universal Decimal Classification number |
811.353.1 მ-43 |
| 100 ## - მთავარი ჩანაწერი - პიროვნების სახელი |
| Personal name |
მაჭავარიანი, დავით |
| 9 (RLIN) |
15023 |
| 245 ## - ცნობა სათაურის შესახებ |
| Title |
ენათმეცნიერული ნაკვევები : |
| Remainder of title |
კრებული / |
| Statement of responsibility, etc |
კრებული შეადგინა და გამოსაცემად მოამზადა ნანა ხოჭოლავა-მაჭავარიანმა, რედ. გოგი გოგოლაშვილი |
| 264 ## - წარმოების, გამოცემის, დისტრიბუციის და სხვა ცნობები |
| გამოცემის, წარმოების, დისტრიბუციის... ადგილი |
თბილისი : |
| გამოცემის, წარმოების, დისტრიბუციის... სახელწოდება |
უნივერსალი, |
| გამოცემის, წარმოების, დისტრიბუციის... თარიღი |
2013. |
| 300 ## - ფიზიკური აღწერა |
| Extent |
359 გვ.: |
| Dimensions |
22 სმ. |
| 653 ## - INDEX TERM--UNCONTROLLED |
| Uncontrolled term |
ენათმეცნიერული ნარკვევები |
| 653 ## - INDEX TERM--UNCONTROLLED |
| Uncontrolled term |
ენათმეცნიერება |
| 700 ## - ADDED ENTRY--PERSONAL NAME |
| Personal name |
ხოჭოლავა-მაჭავარიანი, ნანა |
| Relator term |
შეადგინა და გამოსაც. მოამზადა |
| 9 (RLIN) |
15024 |
| 700 ## - ADDED ENTRY--PERSONAL NAME |
| Personal name |
გოგოლაშვილი, გოგი |
| Relator term |
რედაქტორი |
| 9 (RLIN) |
15025 |
| 942 ## - ADDED ENTRY ELEMENTS (KOHA) |
| Koha item type |
წიგნი |
| Source of classification or shelving scheme |
|